| 000 | 00539nam a2200145 4500 | ||
|---|---|---|---|
| 020 | _a978-970-26-1185-1 | ||
| 050 | _aHF5415.2 M3518 2008 | ||
| 082 | _a658.83 M249i | ||
| 100 | _aMalhotra, Naresh K. | ||
| 245 | _aInvestigación de Mercados Un enfoque aplicado / Naresh K. Malhotra | ||
| 250 | _a5 | ||
| 260 | _aMéxico : Pearson Educación | ||
| 300 | _axxix, 811 p. p g.varía / 27 cm. | ||
| 650 | _a1. INVESTIGACION DE MERCADOS 2. MERCADOTECNIA | ||
| 999 |
_c26273 _d26273 |
||